000 02206nam a22005057a 4500
001 1576
003 FISKH
005 20230907124418.0
008 230907b cb ||||| |||| 00| 0 eng d
020 _a9789386538277
040 _aFISKH
_beng
_cFISKH
_dFISKH
050 _aPN6010-6790
082 _a808.83
100 _aPushkin, Alexander
_d1739-1837.
_qAlexander Sergeyevich Pushkin
245 _a50 world's greatest short stories /
260 _aNew Delhi :
_bPrakash Books,
_c2022
300 _a607 pages :
_c20 cm
490 _3Fingerprint! Classics
520 _aDiscover the best of short fiction in this collectable edition featuring fifty of the greatest stories from around the world. This exquisite collection showcases a curated selection of timeless short stories from renowned authors across the globe. With its beautiful design and captivating narratives, this collectible edition is a treasure for literature enthusiasts.
700 _aBierce, Ambrose
_d1842-[1914].
700 _aChekhov, Anton
_d1860-1904.
700 _aDickens, Charles
_d1812-1870.
700 _aPoe, Edgar Allen
_d1809-1849.
700 _aFitzgerald, Scott
_d1896-1940.
_qFrancis Scott Key Fitzgerald
700 _aStockton, Frank
_d1832-1902.
700 _aDostoevsky, Fyodor
_d1821-1881.
700 _aMaupassants, Guy de
_d1850-1893.
700 _aWells, H.G.
_d1866-1946.
_qHerbert George Wells
700 _aMunro, H. H.
_cSaki
_d1870-1916.
_qHector Hugh Munro
700 _aLondon, Jack
_d1876-1916.
_qJohn Griffith Chaney
700 _aJoyce, James
_d1882-1941.
_qJames Augustine Aloysius Joyce
700 _aChopin, Kate
_d1850-1904.
700 _aMansfeld, Katherine
_d1888-1923.
700 _aTolstoy, Leo
_d1828-1910.
700 _aTwain, Mark
_d1835-1910.
700 _aKenry, O.
_qWilliam Sydney Porter
700 _aWilde, Oscar
_d1854-1900.
_qO'Fflahertie Wills Wilde
700 _aTagore, Rabindranath
_d1861-1941.
700 _aKipling, Rudyard
_d1865-1936.
_qJoseph Rudyard Kipling
700 _aDoyle, Arthur Conan
_cSir
_d1859-1930
700 _aLeacock, Stephen
_d1869-1944
700 _aHardy, Thomas
_d1840-1928.
700 _aMaugham, Somerset W.
_d1874-1965.
942 _2ddc
_cBK
_n0
999 _c1576
_d1576